Music Quiz

Random Music or Football Quiz
Score 0/36 Timer 10:00
0 Plays Today
Year Released Song Title % Correct
1963Surfin USA
91.8%
1966Good Vibrations
88.4%
1988Kokomo
88.1%
1965California Girls
80.9%
1964Fun Fun Fun
79.9%
1966God Only Knows
79.9%
1965Help Me Rhonda
79.2%
1962Surfin Safari
78.2%
1964I Get Around
76.1%
1966Wouldn't It Be Nice
72.7%
1966Sloop John B
71.7%
1963Surfer Girl
71.3%
1966Barbara Ann
69.6%
1963In My Room
64.2%
1963Little Deuce Coupe
63.1%
1963Be True To Your School
55.3%
1964Don't Worry Baby
53.6%
1964Dance Dance Dance
48.5%
Year Released Song Title % Correct
1967Heroes and Villains
44.7%
1965Do You Wanna Dance?
43%
1963Shut Down
41%
1968Do It Again
40.6%
1976Rock and Roll Music
39.9%
1966Caroline No
39.6%
1969I Can Hear Music
36.9%
1967Darlin
35.8%
1967Wild Honey
34.8%
1985Getcha Back
27.6%
1979Good Timin
23.5%
1965The Little Girl I Once Knew
22.9%
2007The Warmth of the Sun
22.9%
1981Come Go With Me
22.2%
1976It's OK
17.4%
1987Wipe Out
17.1%
1981The Beach Boys Medley
14.7%
1964When I Grow Up (To Be a Man
11.6%
Remove Ads.
Support Sporcle.
Get the best of Sporcle when you Go Orange. This ad-free experience offers more features, more stats, and more fun while also helping to support Sporcle. Thank you for becoming a member.

You're not logged in!

Compare scores with friends on all Sporcle quizzes.
OR
Log In

Show Comments

Extras

Top Quizzes Today


Score Distribution

Your Account Isn't Verified!

In order to create a playlist on Sporcle, you need to verify the email address you used during registration. Go to your Sporcle Settings to finish the process.

Report this User

Report this user for behavior that violates our Community Guidelines.

Details: